Clubs de football par blason (logo) - aléatoire - Statistiques

Statistiques générales
  • Ce quiz a été pris 269 049 fois
    219 031 depuis la dernière actualisation
  • Le résultat moyen est 11 sur 16
Statistiques - réponses
Par images Réponse % Correct
FC Barcelone
98%
Real Madrid
98%
AC Milan
97%
Arsenal FC
97%
Bayern Munich
97%
Juventus Turin
97%
Olympique de Marseille
97%
Olympique lyonnais
97%
Paris Saint-Germain
97%
AS Monaco
96%
AS Roma
96%
Chelsea
96%
FC Liverpool
96%
LOSC Lille
96%
Manchester City
96%
Manchester United
96%
Internazionale Milan
95%
Ajax Amsterdam
94%
FC Nantes
94%
RC Lens
94%
SSC Naples
94%
Borussia Dortmund
93%
OGC Nice
93%
Stade Rennais
93%
AS Saint-Étienne
92%
FC Porto
92%
FC Séville
92%
Atlético Madrid
91%
Aston Villa FC
90%
Benfica Lisbonne
90%
FC Lorient
90%
SS Lazio
90%
West Ham United
90%
AJ Auxerre
89%
Everton FC
89%
FC Metz
89%
Girondins de Bordeaux
89%
Montpellier HSC
89%
PSV Eindhoven
89%
RC Strasbourg
89%
Real Bétis
89%
Sporting CP
89%
Valence CF
89%
Bayer Leverkusen
88%
Real Sociedad
88%
Stade de Reims
88%
Tottenham Hotspurs
88%
Atalanta Bergame
87%
Celtic FC
87%
Newcastle United FC
87%
Angers SCO
86%
Athletic Bilbao
86%
Villarreal CF
86%
Clermont Foot 63
85%
ESTAC Troyes
85%
Galatasaray SK
84%
ACF Fiorentina
83%
Club Bruges KV
83%
Eintracht Francfort
83%
Nottingham Forest
83%
Fulham
82%
FC Torino
81%
Le Havre AC
81%
Brighton & Hove Albion
79%
Leeds United
79%
Leicester City
79%
New York City FC
79%
Bologne FC
78%
FC Schalke 04
78%
Los Angeles Galaxy
78%
RB Leipzig
78%
RC Celta Vigo
78%
Dynamo Kiev
77%
Wolverhampton Wanderers
77%
Chakhtar Donetsk
76%
Espanyol Barcelone
76%
Dinamo Zagreb
75%
Getafe CF
74%
Boca Juniors
73%
Glasgow Rangers
73%
AZ Alkmaar
72%
1. FC Cologne
71%
FC Bâle
71%
Santos FC
71%
SC Braga
70%
Vfl Wolfsbourg
70%
FC Sochaux-Montbéliard
69%
Étoile rouge de Belgrade
68%
Hertha Berlin
68%
Southampton FC
68%
CA Osasuna
67%
FSV Mayence 05
67%
Vfb Stuttgart
67%
Beşiktaş JK
66%
FC Copenhague
66%
RSC Anderlecht
66%
Feyenoord Rotterdam
65%
US Sassuolo
65%
Olympiakos Le Pirée
64%
CR Flamengo
63%
Genoa CFC
63%
Parme Calcio 1913
62%
SV Hambourg
62%
Udinese Calcio
61%
Werder Brême
61%
River Plate
60%
Girona FC
59%
Fenerbahçe SK
58%
KRC Genk
58%
AC Sparta Prague
57%
Borussia Mönchengladbach
57%
Sunderland AFC
57%
Stoke City FC
56%
UC Sampdoria
56%
Sydney FC
55%
Deportivo La Corogne
54%
Malmö FF
51%
Standard de Liège
49%
Lokomotiv Moscou
46%
CSKA Moscou
44%
Palmeiras
44%
1. FC Nuremberg
43%
Club América
43%
CF Montréal
42%
Viktoria Plzeň
42%
Fluminense FC
40%
Palerme FC
39%
Legia Varsovie
35%
Racing Club
35%
Blackburn Rovers
34%
Ferencváros TC
34%
Başakşehir FK
29%
Slavia Prague
28%
Portland Timbers
26%
FC Zurich
23%
Al Ahly SC
20%
FC St. Pauli
20%
FK Krasnodar
20%
FK Austria Vienne
18%
Lech Poznan
17%
Kaizer Chiefs FC
13%
PFK Ludogorets Razgrad
13%
Cruz Azul FC
12%
CD Guadalajara
11%
KV Malines
11%
Hibernian FC
10%
Aucun quiz correspondant
Distribution des résultats
% des personnes avec chaque résultat
Percentile par nombre de réponses
Votre historique - résultats
Vous n’avez pas pris ce quiz depuis la dernière actualisation